000 00769nam a22002297a 4500
005 20250718110839.0
008 220610b ||||| |||| 00| 0 eng d
020 _a9789385682940
040 _cAloy
041 _aeng
082 _223
_a338.954
_bLOBI
100 _aNorbert Lobo
_9219358
245 _aIndian economics
260 _aMangalore
_bUnited Agencies
_c2022
300 _aiv,340p.
_bPB
_c21x13cm.
365 _2Economics
_a1447
_b224.00
_c
_d280.00
_e20%
_f03-06-2022
520 _aContents: Sectoral changes in Indian Economy Demographic Profile, Poverty and Unemployment Agriculture in India Industry in India Tertiary Sector in India
650 _aEconomics
_941646
650 _aBA VI Sem
_941647
650 _aCBCS
_941648
942 _2ddc
_cBK
999 _c223326
_d223326